000 01085nam a22002417a 4500
003 NALT
005 20251125232937.0
008 s2529 th tha d
040 _aNALT
041 _atha
050 _aLA1331 อ227ก
245 1 0 _aการศึกษากับการพัฒนาประเทศญี่ปุ่น
246 _aEducation and modernization in Japan
260 3 _aกรุงเทพฯ :
_bสมาคมนักเรียนเก่าญี่ปุ่นและมูลนิธิญี่ปุ่น,
_c2529
300 _a175 หน้า :
_b ตาราง, แผนภาพ
650 0 4 _aการศึกษากับการพัฒนาประเทศ
650 0 4 _aการศึกษา -- ญี่ปุ่น
700 0 _aประเสริฐ จิตติวัฒนพงศ์, ผู้แปล
850 _aNALT
856 4 0 _uhttps://hdl.handle.net/20.500.14156/525402
942 _cGB
_2lcc
999 _c40734
_d40734
998 _j109
_k อารีรัตน์ วิชาช่าง